Mapa del món sense 20 països aleatoris - Statistics

General Stats
  • This quiz has been taken 25 times
  • The average score is 13 of 20
Answers on the Map
Answers color-coded by a green-red scale on the quiz's map according to % correct below.
 
Answer Stats
País % Correct
Algèria
100%
Angola
100%
Aràbia Saudita
100%
Argentina
100%
Armènia
100%
Austràlia
100%
Azerbaidjan
100%
Bèlgica
100%
Bielorússia
100%
Bolívia
100%
Botswana
100%
Burkina Faso
100%
Canadà
100%
Colòmbia
100%
Costa d'Ivori
100%
Costa Rica
100%
Croàcia
100%
Dinamarca
100%
Egipte
100%
Equador
100%
Eritrea
100%
Espanya
100%
Estats Units
100%
Estònia
100%
Etiòpia
100%
França
100%
Geòrgia
100%
Grècia
100%
Guyana
100%
Haití
100%
Índia
100%
Indonèsia
100%
Irlanda
100%
Islàndia
100%
Kazakhstan
100%
Kosovo
100%
Líbia
100%
Macedònia del Nord
100%
Maldives
100%
Mèxic
100%
Moçambic
100%
Moldàvia
100%
Myanmar
100%
Nicaragua
100%
Oman
100%
Països Baixos
100%
Pakistan
100%
Paraguai
100%
República del Congo
100%
República Dominicana
100%
República Txeca
100%
Senegal
100%
Sèrbia
100%
Seychelles
100%
Sierra Leone
100%
Somàlia
100%
Sud-àfrica
100%
Suècia
100%
Tanzània
100%
Togo
100%
Turquia
100%
Ucraïna
100%
Veneçuela
100%
Vietnam
100%
Xile
100%
Xina
100%
Marroc
80%
Cuba
75%
Mongòlia
75%
Bòsnia i Hercegovina
67%
Corea del Nord
67%
Emirats Àrabs Units
67%
Fiji
67%
Guinea
67%
Guinea Equatorial
67%
Iemen
67%
Kirguizistan
67%
Lituània
67%
Nepal
67%
Níger
67%
Regne Unit
67%
Tailàndia
67%
Uganda
67%
Uzbekistan
67%
Camerun
60%
Belize
50%
Eslovàquia
50%
Filipines
50%
Finlàndia
50%
Ghana
50%
Hondures
50%
Hongria
50%
Itàlia
50%
Jamaica
50%
Mali
50%
Mauritània
50%
Namíbia
50%
Portugal
50%
República Democràtica del Congo
50%
Samoa
50%
Sudan
50%
Suïssa
50%
Surinam
50%
Taiwan
50%
Tunísia
50%
Tuvalu
50%
Txad
50%
Comores
33%
Israel
33%
Japó
33%
Kenya
33%
Kuwait
33%
Nauru
33%
Panamà
33%
Tadjikistan
33%
Sao Tomé i Príncipe
25%
Afganistan
0%
Albània
0%
Alemanya
0%
Àustria
0%
Bahames
0%
Bangla Desh
0%
Benín
0%
Brasil
0%
Bulgària
0%
Burundi
0%
Cambodja
0%
Cap Verd
0%
Corea del Sud
0%
El Salvador
0%
Eslovènia
0%
Eswatini
0%
Gabon
0%
Guatemala
0%
Guinea Bissau
0%
Illes Marshall
0%
Illes Salomó
0%
Iran
0%
Iraq
0%
Jordània
0%
Kiribati
0%
Laos
0%
Lesotho
0%
Letònia
0%
Libèria
0%
Madagascar
0%
Malàisia
0%
Malawi
0%
Malta
0%
Maurici
0%
Micronèsia
0%
Nigèria
0%
Noruega
0%
Nova Zelanda
0%
Palau
0%
Papua Nova Guinea
0%
Perú
0%
Polònia
0%
República Centreafricana
0%
Romania
0%
Ruanda
0%
Rússia
0%
Síria
0%
Sri Lanka
0%
Sudan del Sud
0%
Tonga
0%
Turkmenistan
0%
Uruguai
0%
Vanuatu
0%
Zàmbia
0%
Zimbàbue
0%
No matching quizzes found
Score Distribution
Percent of People with Each Score
Percentile by Number Answered
Your Score History
You have not taken this quiz